000 00329 a2200157 4500
001 71070
020 _a9780545001168
040 _cAnchieta - Itaigara
100 _aYoung, Ruth
240 1 0 _aWho says moo?
_lpor
245 1 0 _aWho says moo?
300 _a31p.
362 0 _a2007
650 4 _aLiteratura infantil
942 _cBK
999 _c71070
_d71070